[Event "Vienna Husek op-A"]
[Site "Vienna"]
[Date "2012.08.15"]
[Round "3"]
[White "Sadilek, Peter"]
[Black "Lubbers, Johan"]
[Result "1-0"]
[WhiteElo "2238"]
[BlackElo "2073"]
[PlyCount "71"]
[EventDate "2012.08.13"]
[EventType "swiss"]
[EventRounds "7"]
[EventCountry "AUT"]
[SourceTitle "EXT 2014"]
[Source "ChessBase"]
[SourceDate "2013.11.20"]
[SourceVersion "1"]
[SourceVersionDate "2013.11.20"]
[SourceQuality "1"]

1. d4 Nf6 2. c4 g6 3. Nc3 Bg7 4. e4 d6 5. Nf3 0-0 6. Be2 e5 7. 0-0 Nc6 8. d5 Ne7 9. Ne1 Ne8 10. Nd3 f5 11. Bd2 Nf6 12. f3 f4 13. c5 g5 14. Rc1 Ng6 15. Nb5 Rf7 16. Ba5 b6 17. cxd6 bxa5 18. dxc7 Qf8 19. Qa4 Nd7 20. Qxa5 Rf6 21. Qc3 a6 22. Na3 Qe8 23. b4 Ra7 24. Qb3 Bf8 25. Rc2 Bd6 26. Nc4 Qf7 27. Nxd6 Rxd6 28. Rfc1 Ne7 29. a4 Kg7 30. Qb2 Qf6 31. Qa3 Kf7 32. Nb2 Rb6 33. Nc4 Rbb7 34. b5 Kg7 35. Nd6 Kg6 36. Nxc8 1-0

[Event "Davos op"]
[Site "Davos"]
[Date "2010.08.11"]
[Round "4"]
[White "Lubbers, Johan"]
[Black "Masternak, Grzegorz"]
[Result "1/2-1/2"]
[WhiteElo "2038"]
[BlackElo "2351"]
[PlyCount "107"]
[EventDate "2010.08.08"]
[EventType "swiss"]
[EventRounds "7"]
[EventCountry "SUI"]
[SourceTitle "CBM 138 Extra"]
[Source "ChessBase"]
[SourceDate "2010.10.29"]
[SourceVersion "1"]
[SourceVersionDate "2010.10.29"]
[SourceQuality "1"]

1. d4 d5 2. c4 e6 3. Nc3 Nf6 4. cxd5 exd5 5. Bg5 c6 6. e3 Bf5 7. Bd3 Bxd3 8. Qxd3 Be7 9. Nge2 0-0 10. 0-0 Re8 11. f3 h6 12. Bh4 Nbd7 13. Rad1 Qb6 14. b3 c5 15. Bf2 cxd4 16. Nxd4 Bb4 17. Nde2 Bc5 18. Na4 Qb4 19. Nxc5 Nxc5 20. Qd2 Qxd2 21. Rxd2 Ncd7 22. Rc1 Rec8 23. Rdc2 Rxc2 24. Rxc2 Ne8 25. Nf4 Ndf6 26. Kf1 g5 27. Nd3 Kf8 28. Bg3 Ke7 29. Be5 Nd7 30. Bb2 Ke6 31. Ke2 Nd6 32. Rd2 a5 33. h4 a4 34. Bg7 axb3 35. axb3 Nf5 36. hxg5 hxg5 37. Bb2 Rc8 38. Nb4 Rc5 39. g4 Ne7 40. f4 Rb5 41. f5+ Kd6 42. Ba3 Nc5 43. Nxd5 Nxd5 44. e4 Kc6 45. Rxd5 Nxe4 46. Rxb5 Kxb5 47. Be7 Kc6 48. Ke3 Kd5 49. Bd8 b5 50. Be7 Ke5 51. Bd8 Nc5 52. b4 Ne4 53. Bc7+ Kd5 54. Bd8 1/2-1/2

[Event "Val Thorens op 34th"]
[Site "Val Thorens"]
[Date "2008.07.22"]
[Round "4"]
[White "Aguettaz, Maxime"]
[Black "Lubbers, Johan"]
[Result "1-0"]
[WhiteElo "2420"]
[BlackElo "2076"]
[PlyCount "61"]
[EventDate "2008.07.19"]
[EventType "swiss"]
[EventRounds "9"]
[EventCountry "FRA"]
[SourceTitle "EXT 2009"]
[Source "ChessBase"]
[SourceDate "2008.11.26"]
[SourceVersion "1"]
[SourceVersionDate "2008.11.26"]
[SourceQuality "1"]

1. Nf3 Nf6 2. d4 g6 3. Bg5 Bg7 4. Nbd2 0-0 5. e4 d6 6. Bd3 Nbd7 7. c3 e5 8. 0-0 Qe8 9. dxe5 dxe5 10. Nb3 h6 11. Bd2 Qe7 12. a4 Rd8 13. Qe2 Nh5 14. Rfd1 Nf8 15. Bc4 Bg4 16. h3 Be6 17. Be3 b6 18. a5 Rxd1+ 19. Rxd1 Rd8 20. Ra1 Nf4 21. Bxf4 exf4 22. Nbd4 Bxc4 23. Qxc4 Qxe4 24. axb6 cxb6 25. Rxa7 Rd7 26. Rxd7 Nxd7 27. Qc7 Bxd4 28. cxd4 Qf5 29. Kh2 g5 30. Qc8+ Kg7 31. d5 1-0

[Event "Politiken Cup 29th"]
[Site "Copenhagen"]
[Date "2007.07.29"]
[Round "10"]
[White "Lubbers, Johan"]
[Black "Blomstrom, Lars"]
[Result "0-1"]
[WhiteElo "2077"]
[BlackElo "2197"]
[PlyCount "60"]
[EventDate "2007.07.21"]
[EventType "swiss"]
[EventRounds "10"]
[EventCountry "DEN"]
[SourceTitle "CBM 119 Extra"]
[Source "ChessBase"]
[SourceDate "2007.09.04"]
[SourceVersion "1"]
[SourceVersionDate "2007.09.04"]
[SourceQuality "1"]

1. d4 Nf6 2. c4 g6 3. Nc3 Bg7 4. e4 d6 5. f4 0-0 6. Nf3 c5 7. d5 e6 8. Be2 exd5 9. cxd5 Re8 10. e5 dxe5 11. fxe5 Ng4 12. Bg5 Qb6 13. 0-0 Nxe5 14. d6 Qxb2 15. Nd5 Bf5 16. Ne7+ Rxe7 17. dxe7 Nbc6 18. Rc1 Re8 19. Kh1 h6 20. Bh4 Ng4 21. Qb3 Qxe2 22. Qxb7 Qe4 23. Rfe1 Ne3 24. Bf2 Rxe7 25. Qb3 Ng4 26. Bxc5 Qf4 27. g3 Rxe1+ 28. Rxe1 Qc7 29. h3 Nge5 30. Nxe5 Nxe5 0-1

[Event "Politiken Cup 29th"]
[Site "Copenhagen"]
[Date "2007.07.28"]
[Round "9"]
[White "Ziska, Andrias"]
[Black "Lubbers, Johan"]
[Result "0-1"]
[WhiteElo "1901"]
[BlackElo "2077"]
[PlyCount "30"]
[EventDate "2007.07.21"]
[EventType "swiss"]
[EventRounds "10"]
[EventCountry "DEN"]
[SourceTitle "CBM 119 Extra"]
[Source "ChessBase"]
[SourceDate "2007.09.04"]
[SourceVersion "1"]
[SourceVersionDate "2007.09.04"]
[SourceQuality "1"]

1. e4 c5 2. Nf3 d6 3. d4 cxd4 4. Nxd4 Nf6 5. Nc3 g6 6. Be3 Bg7 7. f3 0-0 8. Qd2 Nc6 9. g4 Bd7 10. h4 Ne5 11. h5 Qa5 12. Nb3 Nxf3+ 13. Kd1 Nxd2 14. Nxa5 Nxf1 15. Rxf1 Bxg4+ 0-1

[Event "Porto San Giorgio op 15th"]
[Site "Porto San Giorgo"]
[Date "2003.08.22"]
[Round "2"]
[White "Lubbers, Johan"]
[Black "Cioara, Andrei Nestor"]
[Result "0-1"]
[WhiteElo "2129"]
[BlackElo "2394"]
[PlyCount "62"]
[EventDate "2003.08.21"]
[EventType "swiss"]
[EventRounds "9"]
[EventCountry "ITA"]
[SourceTitle "CBM 095 Extra"]
[Source "ChessBase"]
[SourceDate "2003.09.04"]
[SourceVersion "1"]
[SourceVersionDate "2003.09.04"]
[SourceQuality "1"]

1. d4 Nf6 2. c4 e6 3. Nf3 c5 4. d5 d6 5. Nc3 exd5 6. cxd5 g6 7. g3 Bg7 8. Bg2 0-0 9. 0-0 a6 10. a4 Nbd7 11. Nd2 b6 12. e4 Rb8 13. Nc4 Qc7 14. f4 b5 15. axb5 axb5 16. Nxd6 Qxd6 17. e5 Qb6 18. exf6 c4+ 19. Kh1 Nxf6 20. h3 Bb7 21. Qc2 Rfd8 22. Rd1 Rbc8 23. Qe2 Re8 24. Qc2 Rcd8 25. f5 b4 26. Na4 Qb5 27. fxg6 hxg6 28. d6 Ne4 29. Kh2 b3 30. Qb1 Nxd6 31. Bg5 Qxg5 0-1